000 00672nam a2200217Ii 4500
003 JO-AjNU
008 230605s9999||||xx |||||||||||||| ||und||
017 _a2007/4/1141
040 _aJO-AjNU
_bara
_erda
_cJO-AjNU
041 _aara
050 1 4 _aJZ1436.2008
100 3 _a حسن ، كامل سرمك ,
_eauthor
_928846
245 0 0 _aإدارة المراسم
250 _a(د،ط)
264 3 1 _aعمان : دار اليازوري ، 2008
300 _a302ص
336 _atext
_btxt
_2rdacontent
337 _aunmediated
_bn
_2rdamedia
338 _avolume
_bnc
_2rdacarrier
650 4 _aالمراسم الدبلوماسية -- الدبلوماسية
_928847
999 _aA11240
_c14808
_d14808